000 01153nam a22003377a 4500
003 CHAP
005 20220329140109.0
008 971013s1985 r 00010 d
010 _a46944
011 _a47916
035 _a52060
040 _cCHAP
090 _aTesis
100 0 0 _aSalazar Salazar, Mateo.
_9101444
245 _aEfecto de tres niveles de calcio y fósforo en la alimentación de cerdos en engorda
260 _aMarín, N.L. :
_bEl autor,
_c1985
300 _a38 h.
502 _aTesis (Ing. Agr. Zootecnista) --Universidad autónoma de Nuevo León. Fac. de Agronomía
590 _aALEPH
_b10
_c20130110
_lUCH01
_h1316
590 _aBATCH-UPD
_b10
_c20130110
_lUCH01
_h1110
590 _aBATCH-UPD
_b10
_c20130410
_lUCH01
_h0701
590 _aBATCH-UPD
_b10
_c20130914
_lUCH01
_h0929
590 _aCONVERSION
_b10
_c20130109
_lUCH01
_h1326
650 1 4 _aCalcio en nutrición animal.
_917340
650 1 4 _aFósforo en nutrición animal.
_942266
650 1 4 _aGanado porcino
_xAlimentación.
_945329
650 1 4 _aGanado porcino
_xEngorda.
_945362
901 _aBK
942 _cTESIS
949 _bBC
_cTES
_d-116181
_eTS1
_h19046
_i52060
_si
999 _c46944
_d46944